000 00782nas a2200253Ia 4500
001 R142/77681
003 IT-RoPAU
008 151124c99999999xx |||||||||||| ||und||
040 _aIT-RoPAU
040 _cIT-RoPAU
041 _aFRANCESE
100 _aVail Theodor
_gCodice Aut. SPICS: 46043
210 _aRESEAUX
222 _aReseaux
245 _aRESEAUX, N.056 (NOVEMBRE/DICEMBRE 1992)
_bNaissance D'Un Systeme
250 _a1a ed.
260 _aPARIS
_bCNET
_c1992
501 _bPaulus - SPICS - Società San Paolo EM (non-commercial uses only)
_cCopyright2015
300 _a5 p. [59-63]
362 _aN.056 (NOVEMBRE/DICEMBRE 1992)
500 _aNascita di un Sistema. Principi del Bell-System.
650 _aCOMUNICAZIONE
_vPUBBLICAZIONE PERIODICA
942 _cCR
999 _c192252
_d192252